| 000 | 00429pab a2200169 454500 | ||
|---|---|---|---|
| 008 | 180718b2000 xxu||||| |||| 00| 0 eng d | ||
| 100 | _aHassler, John | ||
| 245 | _aIntelligence, social mobility, and growth | ||
| 260 | _c2000 | ||
| 300 | _ap.888-908 | ||
| 362 | _aSep | ||
| 650 | _aSocial mobility | ||
| 650 | _aEconomic growth | ||
| 700 | _aMora, Jose V. Rodriguez | ||
| 773 | _aAmerican Economic Review | ||
| 909 | _a46464 | ||
| 999 |
_c46464 _d46464 |
||